000
00340pab a2200157 454500
008
180718b1978 xxu||||| |||| 00| 0 eng d
100
_a
Banerjee, Nirmala
245
_a
Kalyani
260
_c
1978
300
_a
p.83-94.
362
_a
Jul-Sep
700
_a
Sengupta, Subhabrata
773
_a
Nagarlok
908
_a
N
909
_a
102227
999
_c
102225
_d
102225